• 首页
  • 本馆介绍
  • 公告通知
  • 最新文献
  • 馆藏检索
  • 电子资源
  • 读者导购
  • 参考咨询
  • 我的图书馆
  • 登录
  • 详细信息显示
  • 放入我的书架
  • 预约/预借图书
  • 作者相关作品
  • 分类相关作品
  • 丛书相关作品
  • 出版社相关作品

书目信息

  • 表格格式
  • 工作单格式
  • 卡片格式
题名:
同调代数
    
 
作者: 周伯壎 著
分册:  
出版信息: 北京   科学出版社  1988.2
页数: 370页
开本: 20cm
丛书名: 现代数学基础丛书
单 册:
中图分类: O154
科图分类:
主题词: 同调代数
电子资源:
ISBN: 7-03-000628-3
000 00765nam2 2200253 45
001 0188003288
005 20051027145504.18
010    @a7-03-000628-3@dCNY3.70
020    @aCN@b88003288
100    @a19910411d1988 m y0chiy0120 ea
101 0  @achi
102    @aCN@b110000
105    @ay z 000yy
200 10 @a同调代数@Atong diao dai shu@f周伯壎著@Fzhou bo xun zhu
210    @a北京@c科学出版社@d1988.2
215    @a370页@d20cm
225 2  @a现代数学基础丛书@f程民德主编
330    @a本书阐述同调代数的基本理论与方法,包括范畴、模、同调、同调函数与一些环、谱序列等5章。
410  0 @120010@a现代数学基础丛书
606    @a同调代数
690    @aO154@v1980
701  0 @a周伯壎@Azhou bo xun@4著
801  0 @aCN@bNLC@c20051027
905    @f1@b210118@dO154@e39
    
    同调代数/周伯壎著.-北京:科学出版社,1988.2
    370页;20cm.-(现代数学基础丛书/程民德主编)
    
    
    ISBN 7-03-000628-3:CNY3.70
    本书阐述同调代数的基本理论与方法,包括范畴、模、同调、同调函数与一些环、谱序列等5章。
●
相关链接 在E读中查询图书 在五车中查询图书 在当当中查询图书 在豆瓣中查询图书


正题名:同调代数     索取号:O154/39         预约/预借

序号 登录号 条形码 馆藏地/架位号 状态 备注
1 0210118   000415599   第三借阅区/ [索取号:O154/39] 在馆    
2 0210120   000415580   第三借阅区/ [索取号:O154/39] 在馆    
唐山师范学院图书馆 欢迎您!
大连网信软件有限公司© 版权所有